Statistiques concernant Gares de Paris

Cliquez ici pour prendre le quiz!

Statistiques générales

  • Ce quiz a été pris 1 396 fois
  • Le résultat moyen est 6 sur 7

Statistiques - réponses

Régions desserviesRéponse% Correct
Hauts-de-France/Angleterre/Belgique/Pays-BasGare du Nord
99%
Grand Est/AllemagneGare de l'Est
96%
Sud/ItalieGare de Lyon
96%
Grand OuestGare Montparnasse
96%
Centre/OccitanieGare d'Austerlitz
84%
NormandieGare Saint-Lazare
84%
Centre/AuvergneGare de Bercy
64%

Distribution des résultats

Percentile par nombre de réponses

% des personnes avec chaque résultat

Votre développement - résultats

Vous n’avez pas pris ce quiz